00498nam a2200157Ia 4500082001600000100001800016100002400034100003800058245004400096260002700140300000800167700004200175700003900217700004100256700004300297 aR/5BS(CS)10 aNaila Parveen aRoll No. 10BS(CS)05 aSupervisor - Ms. Mehwish Leghari  0aMedical Diagnosis Expert System (MDES). aNawabshahbQUESTc2014 a86p aSharmeen Fatima (Roll No. 10BS(CS)06) aRoheen Qamar (Roll No. 10BS(CS)04) aMehtab Khatoon (Roll No. 10BS(CS)03) aKanwal Khooso (Roll No. 10-09BS(CS)22)